| 000 | 00369nam a2200157Ia 4500 | ||
|---|---|---|---|
| 008 | 230917s9999||||xx |||||||||||||| ||und|| | ||
| 040 |
_e104501 _aMAIN |
||
| 041 | _aEnglish | ||
| 082 | _a330.1543 H851M | ||
| 100 | _aHoy, Michael | ||
| 245 | 0 | _aMathematics for economics | |
| 250 | _a2nd ed. | ||
| 260 |
_aNew Delhi _bPHI _c2001 |
||
| 300 | _a1129 p. | ||
| 942 | _cBK | ||
| 999 |
_c119164 _d119164 |
||